ENG, television news and the new technology / (Record no. 9646)
[ view plain ]
| 000 -LEADER | |
|---|---|
| fixed length control field | 00997cam a2200277 a 4500 |
| 001 - CONTROL NUMBER | |
| control field | 4259979 |
| 005 - DATE AND TIME OF LATEST TRANSACTION | |
| control field | 20260424150855.0 |
| 008 - FIXED-LENGTH DATA ELEMENTS--GENERAL INFORMATION | |
| fixed length control field | 840816s1985 ilua b s001 0 eng |
| 020 ## - INTERNATIONAL STANDARD BOOK NUMBER | |
| International Standard Book Number | 0809312190 |
| 020 ## - INTERNATIONAL STANDARD BOOK NUMBER | |
| Canceled/invalid ISBN | 0394331583 : |
| Terms of availability | $15.95 |
| 020 ## - INTERNATIONAL STANDARD BOOK NUMBER | |
| International Standard Book Number | 9780809312191 |
| 050 00 - LIBRARY OF CONGRESS CALL NUMBER | |
| Classification number | PN4784.E53 |
| Item number | Y6 1985 |
| 082 00 - DEWEY DECIMAL CLASSIFICATION NUMBER | |
| Classification number | 070.1/95 |
| Edition information | 20 |
| 100 1# - MAIN ENTRY--PERSONAL NAME | |
| Personal name | Yoakam, Richard D. |
| 245 10 - TITLE STATEMENT | |
| Title | ENG, television news and the new technology / |
| Statement of responsibility, etc. | Richard D. Yoakam, Charles F. Cremer. |
| 250 ## - EDITION STATEMENT | |
| Edition statement | 1st ed. |
| 260 ## - PUBLICATION, DISTRIBUTION, ETC. | |
| Place of publication, distribution, etc. | Carbondale : |
| Name of publisher, distributor, etc. | Southern Illinois University Press, |
| Date of publication, distribution, etc. | c1985. |
| 300 ## - PHYSICAL DESCRIPTION | |
| Extent | xiv, 353 p. : |
| Other physical details | ill. ; |
| Dimensions | 25 cm. |
| 500 ## - GENERAL NOTE | |
| General note | Includes index. |
| 650 #0 - SUBJECT ADDED ENTRY--TOPICAL TERM | |
| Topical term or geographic name entry element | Electronic news gathering. |
| 650 #0 - SUBJECT ADDED ENTRY--TOPICAL TERM | |
| Topical term or geographic name entry element | Television broadcasting of news. |
| 700 1# - ADDED ENTRY--PERSONAL NAME | |
| Personal name | Cremer, Charles F. |
| 856 42 - ELECTRONIC LOCATION AND ACCESS | |
| Materials specified | Contributor biographical information |
| Uniform Resource Identifier | <a href="http://www.loc.gov/catdir/enhancements/fy0743/84017913-b.html">http://www.loc.gov/catdir/enhancements/fy0743/84017913-b.html</a> |
| 856 42 - ELECTRONIC LOCATION AND ACCESS | |
| Materials specified | Publisher description |
| Uniform Resource Identifier | <a href="http://www.loc.gov/catdir/enhancements/fy0743/84017913-d.html">http://www.loc.gov/catdir/enhancements/fy0743/84017913-d.html</a> |
| 942 ## - ADDED ENTRY ELEMENTS (KOHA) | |
| Source of classification or shelving scheme | Library of Congress Classification |
| Koha item type | Books |
| Suppress in OPAC | No |
| 999 ## - | |
| -- | 9646 |
| -- | 9646 |
| Withdrawn status | Lost status | Source of classification or shelving scheme | Damaged status | Not for loan | Collection | Home library | Current library | Shelving location | Date acquired | Total checkouts | Full call number | Barcode | Date last seen | Copy number | Price effective from | Koha item type |
|---|---|---|---|---|---|---|---|---|---|---|---|---|---|---|---|---|
| Library of Congress Classification | Non-fiction | Business Library (Miotso) | Business Library (Miotso) | General stacks | 04/24/2026 | PN4784.E53 Y6 1985 | BSSM00003890 | 04/24/2026 | 1 | 04/24/2026 | Books |